Tân giáo trình Hán ngữ, tập 2

Na minha lista:
Detalhes bibliográficos
Formato: Livro
Publicado em: 2001
Tags: Adicionar Tag
Sem tags, seja o primeiro a adicionar uma tag!
Thư viện lưu trữ: Mạng thư viện Đại học Đà Nẵng
LEADER 00430nam a22001811a 4500
001 000037057
003 13352
005 20160412015003.0
008 160412s2001 000
082 |a 4H(07)796 
245 |a Tân giáo trình Hán ngữ, tập 2 
260 |c 2001 
OWN |a LNN 
999 |a From the UDN01 
TYP |a Monograph 
980 |a Mạng thư viện Đại học Đà Nẵng